000 00451nam a2200181Ia 4500
008 100315s9999 xx 000 0 und d
040 _cENGLISH 
082 _b2541 
100 _a"Rathor, B.S. "
245 _aAdvertising Management
260 _bHIMALAYA  
_c
365 _eRupees 
_d
_b0.00 
366 _f
505 _gJaya Nikhade 
630 _aAdvertising Management
730 _aAdvertising Management
942 _cBOOK
999 _c477276
_d477273